Alle Torschützen der "kleinen" Relegation seit Einführung - Statistiken

Allgemein
  • Dieses Quiz wurde 8 mal gespielt
  • Das Durchschnittsergebnis liegt bei 10 aus 73
Antwortstatistiken
Saison Tore Verein Spieler % Korrekt
2022/23 1 DSC Arminia Bielefeld Fabian Klos
50%
1 1. FC Saarbrücken Kai Brünker
50%
2013/14 1 DSC Arminia Bielefeld Christian Müller
38%
1 SV Darmstadt 98 Dominik Stroh-Engel
38%
2017/18 1 Karlsruher SC Fabian Schleusener
38%
1 1. FC Nürnberg Fabian Schleusener
38%
2024/25 1 1. FC Saarbrücken Florian Krüger
38%
1 Eintracht Braunschweig Lino Tempelmann
38%
2 SV Wehen Wiesbaden Daniel-Kofi Kyereh
25%
1 SG Dynamo Dresden Dani Schahin
25%
1 SV Darmstadt 98 Elton da Costa
25%
2 1. FC Nürnberg Fabian Nürnberger
25%
1 Eintracht Braunschweig Fabio Di Michele Sanchez
25%
2011/12 1 Karlsruher SC Pascal Groß
25%
1 Eintracht Braunschweig Rayan Philippe
25%
2 SG Dynamo Dresden Robert Koch
25%
3 SV Wehen Wiesbaden Benedict Hollerbach
13%
1 FC Ingolstadt Björn Paulsen
13%
1 SG Dynamo Dresden Cristian Fiel
13%
1 SG Dynamo Dresden Cristian Fiel
13%
1 TSV 1860 München Daniel Adlung
13%
2021/22 1 1. FC Kaiserslautern Daniel Hanslik
13%
2018/19 2 FC Ingolstadt Dario Lezcano
13%
1 FC Ingolstadt Dennis Eckert Ayensa
13%
2 SSV Jahn Regensburg Dominik Kother
13%
1 Würzburger Kickers Elia Soriano
13%
1 VfL Osnabrück Etienne Amenyido
13%
1 FC Ingolstadt Fatih Kaya
13%
1 FC Ingolstadt Filip Bilbija
13%
2008/09 2 SC Paderborn Frank Löning
13%
2012/13 1 VfL Osnabrück Gaetano Manno
13%
1 SG Dynamo Dresden Idir Ouali
13%
1 SV Wehen Wiesbaden Ivan Prtajin
13%
1 SV Wehen Wiesbaden Ivan Prtajin
13%
2010/11 1 VfL Osnabrück Jan Mauersberger
13%
1 SV Darmstadt 98 Jerome Gondorf
13%
1 SV Wehen Wiesbaden John Iredale
13%
1 SV Wehen Wiesbaden John Iredale
13%
1 DSC Arminia Bielefeld Kacper Przybylko
13%
1 TSV 1860 München Kai Bülow
13%
1 SSV Jahn Regensburg Kolja Pusch
13%
1 SSV Jahn Regensburg Konrad Faber
13%
2020/21 2 VfL Osnabrück Marc Heider
13%
1 Eintracht Braunschweig Marvin Rittmüller
13%
1 SV Wehen Wiesbaden Maximilian Dittgen
13%
1 SSV Jahn Regensburg Noah Ganaus
13%
1 SSV Jahn Regensburg Oliver Hein
13%
1 1. FC Kaiserslautern Philipp Hercher
13%
2014/15 1 Holstein Kiel Rafael Kazior
13%
1 Würzburger Kickers Rico Benatelli
13%
2023/24 1 SV Wehen Wiesbaden Robin Heußer
13%
3 FC Erzgebirge Aue Sören Bertram
13%
2019/20 1 FC Ingolstadt Stefan Kutschke
13%
1 FC Ingolstadt Tobias Schröck
13%
1 FC Ingolstadt Tobias Schröck
13%
1 SSV Jahn Regensburg Andre Laurito
0%
1 DSC Arminia Bielefeld Ben Sahar
0%
1 Würzburger Kickers Daniel Nagy
0%
2009/10 2 FC Ingolstadt Fabian Gerber
0%
1 DSC Arminia Bielefeld Felix Burmeister
0%
2016/17 1 TSV 1860 München Florian Neuhaus
0%
1 SV Darmstadt 98 Hanno Behrens
0%
1 Karlsruher SC Ilias Charalambous
0%
1 SV Wehen Wiesbaden Johannes Wurtz
0%
1 Karlsruher SC Klemen Lavric
0%
1 FC Ingolstadt Konstantin Kerschbaumer
0%
2 SSV Jahn Regensburg Marc Lais
0%
1 SV Darmstadt 98 Milan Ivana
0%
2015/16 1 Würzburger Kickers Richard Weil
0%
1 FC Ingolstadt Robin Krauße
0%
1 DSC Arminia Bielefeld Sebastian Hille
0%
1 SSV Jahn Regensburg Selcuk Alibaz
0%
1 FC Ingolstadt Steffen Wohlfarth
0%
Keine übereinstimmenden Quizze gefunden
Verteilung der Resultate
Anzahl Personen mit jedem Resultat
Perzentil nach korrekt beantworteten Fragen
Ihre Resultats-Entwicklung
Sie haben dieses Quiz noch nicht gespielt